[Event "GER-ch U16 Girls"]
[Site "Willingen"]
[Date "2017.06.09"]
[Round "8"]
[White "Manco, Michela"]
[Black "Browning, Rebecca"]
[Result "1-0"]
[WhiteElo "1773"]
[BlackElo "1784"]
[PlyCount "73"]
[EventDate "2017.06.04"]
[EventType "swiss"]
[EventRounds "9"]
[EventCountry "GER"]
[SourceTitle "CBM 178 Extra"]
[Source "ChessBase"]
[SourceDate "2017.06.22"]
[SourceVersion "1"]
[SourceVersionDate "2017.06.22"]
[SourceQuality "1"]

1. g3 d5 2. Bg2 Nf6 3. Nf3 e6 4. d3 c5 5. Nbd2 Nc6 6. e4 Be7 7. 0-0 0-0 8. e5 Nd7 9. Re1 Qc7 10. Qe2 b6 11. Nf1 Bb7 12. Bf4 d4 13. a3 Bd8 14. h4 Ne7 15. h5 Nd5 16. Bd2 Re8 17. h6 Ne7 18. N1h2 Ng6 19. Ng4 Be7 20. Ng5 Bxg2 21. Kxg2 Qc6+ 22. Kh2 f5 23. exf6 Nxf6 24. Nxe6 Bf8 25. Nxf6+ gxf6 26. Qg4 Kh8 27. Nxf8 Rxf8 28. Re6 Qd7 29. Rae1 Rae8 30. Qf5 Kg8 31. Qe4 Ne5 32. Rxe8 Rxe8 33. Kg2 Kf7 34. Qxh7+ Kf8 35. Qxd7 Nxd7 36. Rxe8+ Kxe8 37. h7 1-0

[Event "Forchheim op-B 15th"]
[Site "Forchheim"]
[Date "2016.10.03"]
[Round "5"]
[White "Wirth, Reinhard"]
[Black "Manco, Michela"]
[Result "1-0"]
[WhiteElo "1732"]
[BlackElo "1665"]
[PlyCount "61"]
[EventDate "2016.10.01"]
[EventType "swiss"]
[EventRounds "5"]
[EventCountry "GER"]
[SourceTitle "EXT 2019"]
[Source "ChessBase"]
[SourceDate "2018.10.10"]
[SourceVersion "1"]
[SourceVersionDate "2018.10.10"]
[SourceQuality "1"]

1. e4 e5 2. Nf3 Nc6 3. Bb5 a6 4. Ba4 Nf6 5. 0-0 b5 6. Bb3 Be7 7. Re1 0-0 8. c3 d6 9. d4 exd4 10. cxd4 Na5 11. Bc2 c5 12. b3 Qc7 13. Bb2 Rd8 14. Qe2 Bb7 15. Na3 Rac8 16. Rac1 Qb6 17. Bb1 Nc6 18. dxc5 dxc5 19. e5 Nd5 20. Qe4 g6 21. Qg4 Nc7 22. e6 Nd4 23. exf7+ Kf8 24. Ne5 Rd6 25. Nd7+ Rxd7 26. Qxd7 Qd6 27. Qh3 h5 28. Be4 Qb6 29. Bxb7 Qxb7 30. Qd7 Bf6 31. Re8+ 1-0

[Event "Bayern-ch (Women)"]
[Site "Bad Griesbach"]
[Date "2016.08.27"]
[Round "9"]
[White "Manco, Michela"]
[Black "Braun, Kristin"]
[Result "1/2-1/2"]
[WhiteElo "1635"]
[BlackElo "1837"]
[PlyCount "35"]
[EventDate "2016.08.21"]
[EventType "swiss"]
[EventRounds "9"]
[EventCountry "GER"]
[SourceTitle "EXT 2022"]
[Source "ChessBase"]
[SourceDate "2021.10.06"]
[SourceVersion "1"]
[SourceVersionDate "2021.10.06"]
[SourceQuality "1"]

1. e4 d5 2. exd5 Nf6 3. d4 Nxd5 4. Nf3 g6 5. Be2 Bg7 6. h3 0-0 7. 0-0 c6 8. c4 Nb6 9. Nc3 N8d7 10. Be3 e5 11. Qd2 exd4 12. Nxd4 Nf6 13. Rad1 Re8 14. b3 Bd7 15. Rfe1 Ne4 16. Nxe4 Rxe4 17. Bf3 Re8 18. Qd3 1/2-1/2

[Event "Bayern-ch (Women)"]
[Site "Bad Griesbach"]
[Date "2016.08.23"]
[Round "4"]
[White "Manco, Michela"]
[Black "Lorenz, Oda"]
[Result "0-1"]
[WhiteElo "1635"]
[BlackElo "1836"]
[PlyCount "74"]
[EventDate "2016.08.21"]
[EventType "swiss"]
[EventRounds "9"]
[EventCountry "GER"]
[SourceTitle "EXT 2022"]
[Source "ChessBase"]
[SourceDate "2021.10.06"]
[SourceVersion "1"]
[SourceVersionDate "2021.10.06"]
[SourceQuality "1"]

1. e4 e5 2. Nf3 Nc6 3. Bc4 Bc5 4. Nc3 Nf6 5. d3 0-0 6. Bg5 h6 7. Be3 Be7 8. Qe2 d6 9. 0-0-0 a6 10. d4 Bg4 11. d5 Na5 12. Bd3 b5 13. h3 Bd7 14. g4 Nh7 15. Rdg1 Ng5 16. Nd2 c5 17. dxc6 Nxc6 18. Nd5 Ne6 19. Nb3 Bg5 20. Kb1 Nf4 21. Qd2 Nxd3 22. Qxd3 Be6 23. Rf1 Bxd5 24. exd5 Nb4 25. Qd2 a5 26. a3 a4 27. Qxb4 axb3 28. Qxb3 Bxe3 29. fxe3 Qa5 30. e4 Rfb8 31. Rf3 b4 32. Ka2 bxa3 33. Qxb8+ Rxb8 34. Rxa3 Qb4 35. Rb1 Qxe4 36. b3 Qxc2+ 37. Rb2 Qd3 0-1

[Event "Bayern-ch (Women)"]
[Site "Bad Griesbach"]
[Date "2016.08.22"]
[Round "2"]
[White "Manco, Michela"]
[Black "Mueller, Liliane"]
[Result "1-0"]
[WhiteElo "1635"]
[BlackElo "1730"]
[PlyCount "73"]
[EventDate "2016.08.21"]
[EventType "swiss"]
[EventRounds "9"]
[EventCountry "GER"]
[SourceTitle "EXT 2022"]
[Source "ChessBase"]
[SourceDate "2021.10.06"]
[SourceVersion "1"]
[SourceVersionDate "2021.10.06"]
[SourceQuality "1"]

1. e4 e6 2. d4 d5 3. Nd2 Nf6 4. e5 Nfd7 5. Ngf3 c5 6. c3 Nc6 7. Be2 cxd4 8. cxd4 Be7 9. 0-0 f6 10. exf6 Bxf6 11. Nb3 a6 12. Re1 Qe7 13. Bd3 Nb6 14. a3 0-0 15. Qc2 g6 16. Bh6 Re8 17. Bxg6 hxg6 18. Qxg6+ Kh8 19. Ng5 Bxg5 20. Bxg5 Rg8 21. Bf6+ Qxf6 22. Qxf6+ Rg7 23. Nc5 Nd7 24. Qxe6 Nxc5 25. Qe8+ Rg8 26. Qh5+ Kg7 27. dxc5 Bd7 28. Qxd5 Rad8 29. Qg5+ Kf7 30. Qh5+ Kf8 31. Rad1 Rg7 32. Qh8+ Kf7 33. Qh5+ Kg8 34. Rd6 Nb8 35. Qd5+ Kh7 36. Re5 Rxg2+ 37. Qxg2 1-0

[Event "GER-ch U14 Girls"]
[Site "Willingen"]
[Date "2015.05.26"]
[Round "5"]
[White "Manco, Michela"]
[Black "Grey, Andrea"]
[Result "1/2-1/2"]
[WhiteElo "1579"]
[BlackElo "1424"]
[PlyCount "76"]
[EventDate "2015.05.24"]
[EventType "swiss"]
[EventRounds "9"]
[EventCountry "GER"]
[SourceTitle "CBM 166 Extra"]
[Source "ChessBase"]
[SourceDate "2015.06.18"]
[SourceVersion "1"]
[SourceVersionDate "2015.06.18"]
[SourceQuality "1"]

1. e4 d6 2. d4 g6 3. Nc3 Bg7 4. Be3 e6 5. Qd2 Nd7 6. f3 Ne7 7. g4 d5 8. e5 b6 9. h4 Bb7 10. 0-0-0 c6 11. Bh6 Bf8 12. h5 Qc7 13. Bg5 Bg7 14. h6 Bf8 15. f4 0-0-0 16. Bd3 a6 17. f5 exf5 18. gxf5 gxf5 19. Rf1 c5 20. Bxf5 Re8 21. Bf6 Nxf5 22. Rxf5 Nxf6 23. exf6 Bd6 24. Nge2 cxd4 25. Nxd4 Be5 26. Rg1 Qd6 27. Nf3 Bxf6 28. Nxd5 Bxd5 29. Rxd5 Qc7 30. Kb1 Rd8 31. Rd3 Kb8 32. a3 Qc6 33. Qf4+ Ka8 34. Rgd1 Qe6 35. Re1 Qc6 36. Red1 Qe6 37. Re1 Qc6 38. Red1 Qe6 1/2-1/2

[Event "GER-ch U14 Girls"]
[Site "Willingen"]
[Date "2015.05.24"]
[Round "1"]
[White "Muetsch, Annmarie"]
[Black "Manco, Michela"]
[Result "1-0"]
[WhiteElo "1840"]
[BlackElo "1579"]
[PlyCount "51"]
[EventDate "2015.05.24"]
[EventType "swiss"]
[EventRounds "9"]
[EventCountry "GER"]
[SourceTitle "CBM 166 Extra"]
[Source "ChessBase"]
[SourceDate "2015.06.18"]
[SourceVersion "1"]
[SourceVersionDate "2015.06.18"]
[SourceQuality "1"]

1. e4 e5 2. Nf3 Nc6 3. Bc4 Bc5 4. c3 Nf6 5. d3 d6 6. Nbd2 Be6 7. 0-0 Bxc4 8. Nxc4 0-0 9. b4 Bb6 10. a4 a6 11. a5 Ba7 12. Bg5 h6 13. Bh4 Re8 14. Ne3 Bxe3 15. fxe3 Nb8 16. Bxf6 Qxf6 17. Nd4 Qd8 18. Nf5 Re6 19. Qf3 Qe8 20. Rae1 Nd7 21. d4 exd4 22. exd4 Rf6 23. e5 dxe5 24. dxe5 Nxe5 25. Qg3 Rg6 26. Qxe5 1-0

[Event "Magdeburg op-B"]
[Site "Magdeburg"]
[Date "2014.06.14"]
[Round "9"]
[White "Alcer, Johanna"]
[Black "Manco, Michela"]
[Result "1/2-1/2"]
[WhiteElo "1110"]
[BlackElo "1267"]
[PlyCount "80"]
[EventDate "2014.06.08"]
[EventType "swiss"]
[EventRounds "9"]
[EventCountry "GER"]
[SourceTitle "CBM 160 Extra"]
[Source "ChessBase"]
[SourceDate "2014.07.01"]
[SourceVersion "1"]
[SourceVersionDate "2014.07.01"]
[SourceQuality "1"]

1. e4 e5 2. Nf3 Nc6 3. Bc4 Bc5 4. c3 Nf6 5. d3 d6 6. 0-0 Ne7 7. Re1 Ng6 8. b4 Bb6 9. a4 a6 10. Nbd2 0-0 11. Nf1 Bg4 12. Be3 Ba7 13. Bxa7 Rxa7 14. Ne3 Be6 15. Bb3 Qd7 16. Ng5 Bxb3 17. Qxb3 h6 18. Nf3 Raa8 19. Nd5 Qe6 20. c4 Nxd5 21. cxd5 Qd7 22. Qc4 Ne7 23. d4 Ng6 24. Rec1 Rfc8 25. b5 a5 26. Qc3 f6 27. Qb3 Kh7 28. h3 b6 29. Rc3 Ra7 30. Rac1 Rb7 31. Kh2 Ra7 32. g4 Nf4 33. R3c2 g5 34. Kg3 Rb7 35. Qe3 Kg7 36. Ne1 Kh7 37. Nd3 Ng6 38. f3 Kg7 39. Qf2 Kh7 40. Rc6 Kg7 1/2-1/2

[Event "Magdeburg op-B"]
[Site "Magdeburg"]
[Date "2014.06.10"]
[Round "4"]
[White "Franz, Theodor Franz"]
[Black "Manco, Michela"]
[Result "0-1"]
[WhiteElo "1048"]
[BlackElo "1267"]
[PlyCount "86"]
[EventDate "2014.06.08"]
[EventType "swiss"]
[EventRounds "9"]
[EventCountry "GER"]
[SourceTitle "CBM 160 Extra"]
[Source "ChessBase"]
[SourceDate "2014.07.01"]
[SourceVersion "1"]
[SourceVersionDate "2014.07.01"]
[SourceQuality "1"]

1. e4 e5 2. Nf3 Nc6 3. Bc4 Bc5 4. Nxe5 Nxe5 5. d4 Bxd4 6. Qxd4 Qf6 7. Nc3 Nf3+ 8. gxf3 Qxd4 9. Bb3 c6 10. Be3 Qf6 11. f4 d6 12. 0-0-0 Bg4 13. Rd2 b6 14. Rg1 h5 15. Rg3 Bc8 16. Bd4 Qxf4 17. Bxg7 Rh7 18. e5 d5 19. Kd1 Bg4+ 20. Kc1 0-0-0 21. Bf6 Nxf6 22. exf6 Qxf6 23. h3 Be6 24. Nd1 Rg7 25. Re3 Re8 26. Re1 Bd7 27. Rde2 Rxe2 28. Rxe2 Rg5 29. c3 Re5 30. Ne3 Bxh3 31. Kd2 Bg4 32. Nxg4 Rxe2+ 33. Kxe2 hxg4 34. Bc2 Qf3+ 35. Ke1 f5 36. Bd1 Qh3 37. Bc2 Qh5 38. Bd1 Kc7 39. Kf1 f4 40. Kg2 Qh3+ 41. Kg1 g3 42. Bf3 Qh2+ 43. Kf1 Qxf2# 0-1